Normal view
MARC view
- Belov, Martin.
Entry Personal Name
001 - CONTROL NUMBER
- control field: 44742
003 - CONTROL NUMBER IDENTIFIER
- control field: OSt
005 - DATE AND TIME OF LATEST TRANSACTION
- control field: 20220315134535.0
008 - FIXED-LENGTH DATA ELEMENTS
- fixed length control field: 220315|| aca||aabn | a|a d
040 ## - CATALOGING SOURCE
- Original cataloging agency: OSt
- Transcribing agency: OSt
100 ## - HEADING--PERSONAL NAME
- Personal name: Belov, Martin.
670 ## - SOURCE DATA FOUND
- Source citation: Work cat.: (OSt): Belov, Martin. , Courts, Politics and Constitutional Law :
